00373nam a2200157Ia 4500003000400000008004100004040001600045082001300061100001500074245004900089260003400138300000800172650000900180650001100189650001500200GCL140319s9999 xx 000 0 eng d aGCL / cGCL04a792bK P1 aKAYE, NICK10aPOSTMODERNISM AND PERFORMANCE / cKAYE, NICK a[S.N] : bMACMILIAN ، c1994 a18004aARTS04aDESIGN04aDECORATION